| 000 | 00624nam a2200169 a 4500 | ||
|---|---|---|---|
| 008 | 160511s2011 ||||||||||||||||| || u | ||
| 020 | _a9780521153393 | ||
| 050 | _aJZ 6010 Mer | ||
| 100 | _aMerrills, J. G | ||
| 245 | 1 | 0 |
_aInternational Dispute Settlement _cJ G Merrills |
| 250 | _a5th ed. | ||
| 260 |
_aCambridge: _bCambridege University Press _c2011 |
||
| 300 | _axvi, 359p. | ||
| 350 | _a74.99 | ||
| 650 | _aPACIFIC SETTLEMENT OF INTERNATIONAL DISPUTES | ||
| 995 |
_FCBU-MAIN LIBRARY (Kitwe) _I74.99 _M1 _UAVAILABLE _WMay 12, 2016 _ZMain Library Open Access Collection |
||
| 999 |
_c47338 _d47338 |
||